01131nam a2200253 a 450000100100000000500170001000800410002704000250006808200180009310000380011124501020014926000670025130000280031849000450034650400320039159000260042365000510044965000360050083000520053691000380058895201150062695201210074199900150086200000560220250314113209.0090820s1995 dr a 000 0 spa d aDO-SdBNPbspacBNPHU a333.72bA452c1 aAlmonte Morrobel, Ruben I.91581010aConservación de los recursos naturales y producción alimenticia /cRuben I. Almonte Morrobel. aSanto Domingo :bSociedad Ecológica Perfil Ambiental,c1995. a240 p. :bil. ;a21 cm.1 aSociedad Ecológica "Perfil Ambiental". aBibliografía : p. 227-229 aInventariado, 2018/LP 0aConservación de los recursos naturales91562 4aProducción alimenticia915811 0aSociedad Ecológica "Perfil Ambiental".915812 aValidado. Control de calidad. MFF 0010718PDaPDbPDcHDd2009-08-20iLF1l0o333.72 A452cp5602-10r2020-06-25w2020-06-25yLFPDZNo se presta 0010718PDaPDbPDcHDd2009-08-20iLF1l0o333.72 A452cp5602-20r2020-06-25te. 2w2020-06-25yLFPDZNo se presta c5401d5401